[Event "Mistrzostwa Woj. Podkarpackiego w szacha"]
[Site "Pstragowa"]
[Date "2015.??.??"]
[Round "6.1"]
[White "Swiech, Joanna"]
[Black "Pulik, Krzysztof"]
[Result "0-1"]
[WhiteElo "1729"]
[BlackElo "2117"]
[PlyCount "134"]
[EventDate "2015.??.??"]

1. d4 d5 2. f4 e6 3. Nf3 c5 4. e3 Nc6 5. b3 Nf6 6. Bd3 b6 7. O-O Bb7 8. Bb2 Ne4
9. Nbd2 f5 10. Ne5 Nxe5 11. dxe5 Nxd2 12. Bb5+ Kf7 13. Qxd2 h5 14. Qf2 Be7 15.
Rad1 Qc7 16. h4 g6 17. Be2 Rhd8 18. Bf3 b5 19. g3 a5 20. Rc1 b4 21. a4 bxa3 22.
Bxa3 a4 23. Ra1 Ra7 24. bxa4 Rxa4 25. Bb2 Rda8 26. Rxa4 Rxa4 27. Ra1 Qa5 28.
Rxa4 Qxa4 29. Kg2 Ba6 30. Qd2 Qb5 31. Qc1 Bd8 32. c3 Bb6 33. Kf2 Ke8 34. Ba1
Kd7 35. Qd1 Kc6 36. Kg2 Qc4 37. Bb2 Ba5 38. Qc1 Bb5 39. Kf2 Kb6 40. Kg2 Qd3 41.
Kf2 Kc7 42. Kg2 Kb8 43. Ba3 Bb6 44. Bb2 Qc4 45. Kf2 Qa2 46. Kg1 Bd3 47. Qa1
Qxa1+ 48. Bxa1 Ka7 49. Kf2 Ka6 50. Bd1 Kb5 51. Ke1 Ba5 52. Bb3 Bc4 53. Bd1 d4
54. Kd2 Bf1 55. exd4 cxd4 56. Kc2 d3+ 57. Kd2 Bb6 58. Ke1 Bg2 59. Bb2 Be3 60.
Ba3 Kc4 61. Bb4 Bh3 62. Ba5 Bg4 63. Bxg4 hxg4 64. Bb4 Kb3 65. Kd1 Bf2 66. Be7
Kxc3 67. Bd8 Bxg3 0-1

[Event "Mistrzostwa Woj. Podkarpackiego w szacha"]
[Site "Pstragowa"]
[Date "2015.??.??"]
[Round "6.2"]
[White "Mis, Mieszko"]
[Black "Babiarz, Mariusz"]
[Result "1/2-1/2"]
[WhiteElo "1819"]
[BlackElo "1912"]
[PlyCount "67"]
[EventDate "2015.??.??"]

1. e4 c5 2. Nf3 e6 3. d4 cxd4 4. Nxd4 a6 5. Bd3 Nf6 6. Be3 Qc7 7. Nd2 d5 8. Qe2
Nbd7 9. N4b3 Bd6 10. O-O-O O-O 11. g4 Ne5 12. f3 Bd7 13. g5 Nxd3+ 14. Qxd3 Bb5
15. Qc3 Qxc3 16. bxc3 Nh5 17. exd5 exd5 18. Bc5 Bxc5 19. Nxc5 Rac8 20. Nxb7
Rxc3 21. Nb3 Nf4 22. Kb2 Rxf3 23. Nd4 Rf2 24. Nxb5 axb5 25. Nd6 b4 26. Rdf1
Rxf1 27. Rxf1 Ne6 28. Rf5 Rd8 29. Nxf7 Rf8 30. Nd6 Rxf5 31. Nxf5 Kf7 32. Ne3
Nc7 33. Kb3 Kg6 34. Kxb4 1/2-1/2

[Event "Mistrzostwa Woj. Podkarpackiego w szacha"]
[Site "Pstragowa"]
[Date "2015.??.??"]
[Round "6.3"]
[White "Nowakowski, Jacek"]
[Black "Czopor, Maciej"]
[Result "0-1"]
[WhiteElo "1677"]
[BlackElo "1714"]
[PlyCount "63"]
[EventDate "2015.??.??"]

1. d4 Nf6 2. Bg5 Ne4 3. Bh4 d5 4. f3 Nf6 5. e3 Nbd7 6. c4 c6 7. Nc3 Qb6 8. Qc2
e5 9. c5 Qc7 10. Bd3 Be7 11. Nge2 Nf8 12. O-O Nh5 13. Bf2 Be6 14. b4 Ng6 15.
Ng3 Nf6 16. Bf5 O-O 17. Rfe1 Rad8 18. b5 Rfe8 19. Qa4 Ra8 20. Rac1 Bf8 21. Bd3
exd4 22. exd4 Nf4 23. Bf1 g6 24. bxc6 bxc6 25. Ba6 Rab8 26. Nge2 Bh6 27. Bg3
N6h5 28. Nxf4 Bxf4 29. Bxf4 Nxf4 30. Rb1 Kg7 31. Rxb8 Rxb8 32. Rb1 0-1

[Event "Mistrzostwa Woj. Podkarpackiego w szacha"]
[Site "Pstragowa"]
[Date "2015.??.??"]
[Round "6.4"]
[White "Babiarz, Arkadiusz"]
[Black "Gaj, Szymon"]
[Result "0-1"]
[WhiteElo "1471"]
[BlackElo "1753"]
[PlyCount "62"]
[EventDate "2015.??.??"]

1. e4 c5 2. c3 Nf6 3. e5 Nd5 4. d4 cxd4 5. cxd4 Nc6 6. Nf3 d6 7. Bc4 Nb6 8. Bb5
Bd7 9. exd6 e6 10. Bf4 Nd5 11. Bxc6 Bxc6 12. d7+ Qxd7 13. Bg3 Bb4+ 14. Nbd2 Bb5
15. a3 Rc8 16. Ne5 Bxd2+ 17. Qxd2 Qe7 18. Rc1 O-O 19. f3 f6 20. Ng4 Nb6 21. Ne3
f5 22. f4 Rxc1+ 23. Qxc1 Qd7 24. Qd2 Rd8 25. Bh4 Rc8 26. Kf2 Qd6 27. g3 Nd5 28.
Rc1 Rc6 29. Rxc6 Qxc6 30. Qc2 Nxe3 31. Qxc6 Ng4+ 0-1

[Event "Mistrzostwa Woj. Podkarpackiego w szacha"]
[Site "Pstragowa"]
[Date "2015.??.??"]
[Round "6.5"]
[White "Kucharski, Bartlomiej"]
[Black "Dzwierzynski, Bartosz"]
[Result "1-0"]
[WhiteElo "1454"]
[BlackElo "1411"]
[PlyCount "47"]
[EventDate "2015.??.??"]

1. e4 c5 2. Nc3 d6 3. f4 g6 4. Nf3 Bg7 5. Bb5+ Bd7 6. Bc4 e6 7. d3 Ne7 8. O-O
O-O 9. Qe1 a6 10. a4 Nbc6 11. Qh4 Nc8 12. Qg3 Nd4 13. Nxd4 Bxd4+ 14. Kh1 Bg7
15. Nd1 Ne7 16. Nc3 Rb8 17. f5 exf5 18. Qxd6 fxe4 19. Bg5 Nc8 20. Qxb8 Qxg5 21.
Nxe4 Qh5 22. Qf4 Be5 23. Nf6+ Bxf6 24. Qxf6 1-0

[Event "Mistrzostwa Woj. Podkarpackiego w szacha"]
[Site "Pstragowa"]
[Date "2015.??.??"]
[Round "6.6"]
[White "Kozubal, Aleksandra"]
[Black "Jurkiewicz, Zuzanna"]
[Result "1/2-1/2"]
[WhiteElo "1554"]
[BlackElo "1457"]
[PlyCount "61"]
[EventDate "2015.??.??"]

1. d4 d5 2. c4 e6 3. Nf3 Nf6 4. Bg5 Be7 5. Nc3 O-O 6. e3 b6 7. Be2 Bb7 8. O-O
Nbd7 9. Qc2 h6 10. Bh4 c5 11. cxd5 Nxd5 12. Bg3 cxd4 13. Nxd5 Bxd5 14. Nxd4 Nc5
15. Rfd1 Ne4 16. Bf3 Nxg3 17. hxg3 Bxf3 18. Nxf3 Qc8 19. Rac1 Qa6 20. Qb3 Rac8
21. Ne5 Rfd8 22. Rxd8+ Bxd8 23. Rxc8 Qxc8 24. Qc4 Qxc4 25. Nxc4 Bc7 26. Kf1 Kf8
27. Ke2 Ke7 28. Kd3 f6 29. b3 Bd6 30. a4 Bc7 31. Kd4 1/2-1/2

[Event "Mistrzostwa Woj. Podkarpackiego w szacha"]
[Site "Pstragowa"]
[Date "2015.??.??"]
[Round "6.7"]
[White "Kozak, Antoni"]
[Black "Wasik, Roman"]
[Result "1-0"]
[WhiteElo "1440"]
[BlackElo "1551"]
[PlyCount "63"]
[EventDate "2015.??.??"]

1. Nf3 Nf6 2. c4 d6 3. Nc3 g6 4. d4 Bg7 5. Bf4 O-O 6. e3 Bf5 7. h3 a5 8. Bd3
Bd7 9. O-O Nc6 10. a3 Nh5 11. Bh2 e5 12. dxe5 dxe5 13. g4 f5 14. gxh5 e4 15.
hxg6 hxg6 16. Be2 exf3 17. Bxf3 Qg5+ 18. Kh1 Be6 19. Bd5 Rfe8 20. Bxe6+ Rxe6
21. Qf3 Rd8 22. Rad1 Rxd1 23. Rxd1 Qh4 24. Qd5 Kf7 25. Kg2 Qg5+ 26. Bg3 Ne5 27.
f4 Qh6 28. fxe5 Qxe3 29. Qd7+ Re7 30. Qxe7+ Kg8 31. Rd8+ Kh7 32. Rd7 1-0

[Event "Mistrzostwa Woj. Podkarpackiego w szacha"]
[Site "Pstragowa"]
[Date "2015.??.??"]
[Round "6.8"]
[White "Stefanski, Adam"]
[Black "Czernikowska, Laura"]
[Result "1-0"]
[WhiteElo "1313"]
[BlackElo "1175"]
[PlyCount "109"]
[EventDate "2015.??.??"]

1. e4 c5 2. Nf3 Nc6 3. d4 cxd4 4. Nxd4 e5 5. Nb5 d6 6. N1c3 a6 7. Na3 b5 8. Nd5
Nf6 9. Bg5 Be7 10. Bxf6 Bxf6 11. c3 O-O 12. Nc2 Bg5 13. Be2 Be6 14. O-O Bxd5
15. Qxd5 Ne7 16. Qd3 Qc7 17. Nb4 Rfd8 18. Rfd1 Qb6 19. g3 Bh6 20. Bg4 g6 21. a3
Bg7 22. Qf3 Rf8 23. Rd3 Rad8 24. Rad1 a5 25. Nc2 Qc6 26. Ne3 Qb6 27. Qe2 Bh6
28. Nd5 Nxd5 29. Rxd5 b4 30. Rb5 Qa6 31. cxb4 axb4 32. Rxb4 Qxe2 33. Bxe2 Bg5
34. Rb6 Be7 35. b4 Ra8 36. Ra6 Rab8 37. Rc1 Bg5 38. Rcc6 Be7 39. b5 Rfd8 40. a4
Kg7 41. Ra7 Re8 42. Rcc7 Bf8 43. Rxf7+ Kh6 44. Rxh7+ Kg5 45. h4+ Kf6 46. Raf7+
Ke6 47. Bc4+ d5 48. Bxd5+ Kd6 49. Rf6+ Kc5 50. Rc7+ Kd4 51. Rc4+ Kd3 52. Rf3+
Kd2 53. Kf1 Bh6 54. Rcc3 Red8 55. Rfd3# 1-0